| 000 | 00511nam a2200181 a 4500 | ||
|---|---|---|---|
| 005 | 20140310183311.0 | ||
| 008 | 051018s19uu xx 00 eng d | ||
| 020 | _a0-7645-7039-0 | ||
| 050 |
_aHG 179 _b.B588 2005 |
||
| 100 | _aBien, Melanie. | ||
| 245 |
_aSorting out your finances for dummies / _cby Melanie Bien. |
||
| 260 |
_aEngland : _bJohn Wiley & Sons, Ltd, _cc2005. |
||
| 300 |
_axx, 328 p. : _c22 cm. |
||
| 521 | _aBSBA | ||
| 650 | _aFinance, Personal. | ||
| 942 |
_cBK _2lcc _kFOR |
||
| 999 |
_c21167 _d21167 |
||